Les Administracions locals modernes: en contacte amb els ciutadans / DETR ; [traducció: Gemma Salvà Santanachs] en contacte amb els ciutadans / DETR ; [traducció:
ISBN:
84-7794-668-X
Publicado:
Barcelona :
Diputació de Barcelona. Àrea de Règim Interior, Hisenda i Planificació. Servei de Formació Local ,
2000
Descripción Física:
150 p. ; 21 cm
Colección:
Perspectiva ; 11
Otros Autores:
Salvà Santanachs, Gemma, tr
Materias:
Administració local
MARC
| LEADER | 00000nam a2200000Ia 4500 | ||
|---|---|---|---|
| 001 | 12388 | ||
| 008 | 160829s2000 xx 000 0 cat d | ||
| 020 | |a 84-7794-668-X | ||
| 080 | |a M-2-285 | ||
| 245 | |a Les Administracions locals modernes: |b en contacte amb els ciutadans / DETR ; [traducció: |b Gemma Salvà Santanachs] | ||
| 260 | |a Barcelona : |b Diputació de Barcelona. Àrea de Règim Interior, Hisenda i Planificació. Servei de Formació Local, |c 2000 | ||
| 300 | |a 150 p. ; |c 21 cm | ||
| 490 | |a Perspectiva ; 11 | ||
| 590 | |a A la portada: Pla de formació municipal | ||
| 650 | 0 | |a Administració local |9 34286 | |
| 700 | |a Salvà Santanachs, Gemma, tr. |9 28593 | ||
| 710 | |a Barcelona (Catalunya : Província). |b Servei de Formació Local |9 53659 | ||
| 710 | 1 | |a Gran Bretanya. |b Department of the Environment, Transport and the Regions |9 55448 | |
| 901 | |a Arxiu | ||
| 942 | |n 1 | ||
| 952 | |0 0 |1 0 |4 0 |6 M2285 |7 1 |9 44880 |a Arxiu |b Arxiu |d 2016-12-01 |l 0 |o M-2-285 |p 12388 |r 2016-12-01 00:00:00 |w 2016-12-01 |y ARXIU | ||
| 999 | |c 47478 |d 47478 | ||